[Event "Leon 83/11"]
[Site "?"]
[Date "2001.??.??"]
[Round "?"]
[White "Piket, Je"]
[Black "Smirin, I."]
[Result "1-0"]
[WhiteElo "2649"]
[BlackElo "2698"]
[PlyCount "67"]
[EventDate "2001.??.??"]
[Source "Chess Informant"]
[SourceDate "2001.10.01"]

1. d4 d6 2. c4 e5 3. Nf3 e4 4. Ng5 f5 5. g3 Be7 6. Nh3 c6 7. Nc3 Nf6 8. Bg2 d5 9. cxd5 cxd5 10. Bg5 Ng8 11. Bxe7 Nxe7 12. Nf4 Nbc6 13. e3 O-O 14. h4 Qd6 15. Qb3 Rd8 16. a3 b6 17. Bf1 Bb7 18. Rc1 Rac8 19. Be2 Kh8 20. Kf1 g6 21. Kg2 Kg7 22. Qa4 a6 23. Bxa6 Ra8 24. Bxb7 Rxa4 25. Nxa4 Na5 26. Ba6 Ra8 27. Bb5 Nc4 28. Rc2 h6 29. Nc3 Na5 30. b4 Nb7 31. Ncxd5 Nxd5 32. Nxd5 Qxd5 33. Rc7+ Kf6 34. Bc4 1-0

[Event "Rostov na Donu"]
[Site "?"]
[Date "1993.??.??"]
[Round "?"]
[White "Lputian, S."]
[Black "Epishin, V."]
[Result "0-1"]
[WhiteElo "2610"]
[BlackElo "2620"]
[PlyCount "56"]
[EventDate "1993.??.??"]
[Source "ChessBase"]
[SourceDate "1993.02.01"]

1. d4 d6 2. c4 e5 3. Nf3 e4 4. Ng1 h6 5. Nc3 Nf6 6. e3 c6 7. Nge2 Bf5 8. Ng3 Bg6 9. f3 d5 10. cxd5 exf3 11. gxf3 cxd5 12. Bd3 Bxd3 13. Qxd3 Nc6 14. Bd2 Rc8 15. O-O g6 16. e4 dxe4 17. fxe4 Bc5 18. Kh1 Bxd4 19. Rad1 Ng4 20. Qe2 Qh4 21. Rf4 h5 22. Nb5 O-O 23. Nxd4 Nxd4 24. Qg2 Rc2 25. e5 Ne6 26. Rb4 a5 27. Re4 Rd8 28. h3 Rd3 0-1

[Event "It, Kladovo YUG"]
[Site "?"]
[Date "2001.??.??"]
[Round "1"]
[White "Crisan, A."]
[Black "Ruck, R."]
[Result "1/2-1/2"]
[WhiteElo "2635"]
[BlackElo "2570"]
[PlyCount "24"]
[EventDate "2001.??.??"]
[Source "www.chesslib.no"]
[SourceDate "2004.05.04"]

1. d4 d6 2. c4 e5 3. dxe5 dxe5 4. Qxd8+ Kxd8 5. Nf3 f6 6. Nc3 c6 7. e4 Be6 8. Be3 Nd7 9. Be2 Bb4 10. Rc1 Ne7 11. O-O Bxc3 12. Rxc3 c5 1/2-1/2

[Event "Israel"]
[Site "?"]
[Date "2000.??.??"]
[Round "?"]
[White "Avrukh, B."]
[Black "Kantsler, B."]
[Result "1-0"]
[WhiteElo "2620"]
[BlackElo "2560"]
[PlyCount "61"]
[EventDate "2000.??.??"]
[Source "Chess Informant"]
[SourceDate "2000.02.01"]

1. d4 d6 2. c4 e5 3. d5 Be7 4. e4 Bg5 5. Nd2 Nd7 6. Ngf3 Bh6 7. Bd3 a5 8. O-O Ngf6 9. b3 Nc5 10. Bc2 Bg4 11. h3 Bxf3 12. Qxf3 c6 13. Rd1 cxd5 14. exd5 O-O 15. Bb2 Nfd7 16. a3 Nb6 17. b4 axb4 18. axb4 Rxa1 19. Bxa1 Na6 20. Bc3 g6 21. Bb3 Bg7 22. Qe2 Qc7 23. Ne4 Rc8 24. c5 dxc5 25. d6 Qd7 26. b5 c4 27. bxa6 cxb3 28. a7 Na4 29. Ba5 Ra8 30. Qc4 Rxa7 31. Qc7 1-0

[Event "Cappelle la Grande"]
[Site "?"]
[Date "2000.??.??"]
[Round "?"]
[White "Mikhalevski, V."]
[Black "Milos, Gilberto"]
[Result "0-1"]
[WhiteElo "2495"]
[BlackElo "2620"]
[PlyCount "68"]
[EventDate "2000.??.??"]
[Source "Chess Informant"]
[SourceDate "2000.02.01"]

1. d4 d6 2. c4 e5 3. d5 f5 4. e4 fxe4 5. Nc3 Nf6 6. Nge2 Bf5 7. Ng3 Bg6 8. Bg5 Be7 9. Bxf6 gxf6 10. h4 Qd7 11. f3 f5 12. h5 Bf7 13. fxe4 fxe4 14. Ngxe4 Na6 15. g3 O-O 16. Bh3 Qe8 17. Bf5 Kh8 18. Qd2 Rd8 19. O-O-O c6 20. Rdf1 Bg8 21. g4 Nc5 22. Nxc5 dxc5 23. Qe3 e4 24. Nxe4 cxd5 25. cxd5 Bf6 26. Qxc5 Rxd5 27. Qc2 Bd4 28. Re1 Qd8 29. Nc3 Rc5 30. Kb1 Qa5 31. Rh3 Bxa2+ 32. Kc1 Bg8 33. Qd2 Rd8 34. Qc2 Bf6 0-1

[Event "EU Team Ch (Men)"]
[Site "Haifa ISR"]
[Date "1989.??.??"]
[Round "4"]
[White "Gheorghiu, Florin"]
[Black "Georgiev, Kiril D"]
[Result "1/2-1/2"]
[WhiteElo "2515"]
[BlackElo "2590"]
[PlyCount "101"]
[EventDate "1989.11.??"]
[Source "www.chesslib.no"]
[SourceDate "2004.05.04"]

1. d4 d6 2. c4 e5 3. dxe5 dxe5 4. Qxd8+ Kxd8 5. Nc3 c6 6. g3 Be6 7. b3 Nd7 8. Bh3 Bxh3 9. Nxh3 h6 10. f3 Ngf6 11. Nf2 Kc7 12. Bd2 Nc5 13. e3 Be7 14. Ke2 a5 15. Rhd1 Rhe8 16. Be1 Bf8 17. g4 b6 18. Nd3 e4 19. Bg3+ Kb7 20. Nxc5+ Bxc5 21. Nxe4 Nxe4 22. Rd7+ Ka6 23. fxe4 Rxe4 24. Rxf7 Rxe3+ 25. Kf1 Re4 26. Rd1 Bd4 27. Bf2 Bxf2 28. Kxf2 Rxg4 29. Rd6 c5 30. h3 Rg5 31. Rdd7 g6 32. a4 Rh5 33. Kg2 Re5 34. Rd6 Re2+ 35. Rf2 Rxf2+ 36. Kxf2 Rg8 37. Kg3 Re8 38. Kf2 Rf8+ 39. Kg2 Rg8 40. Kg3 Rg7 41. Kf4 Rf7+ 42. Ke4 Re7+ 43. Kd3 Rg7 44. Ke4 h5 45. Ke5 g5 46. Kf6 Rg8 47. Kf7 Rh8 48. Rd5 g4 49. Kg7 Re8 50. Rxh5 gxh3 51. Rxh3 1/2-1/2

[Event "Saint-Vincent 87/31"]
[Site "?"]
[Date "2003.??.??"]
[Round "?"]
[White "Skembris, S."]
[Black "Azmaiparashvili, Z."]
[Result "0-1"]
[WhiteElo "2426"]
[BlackElo "2678"]
[PlyCount "80"]
[EventDate "2003.??.??"]
[Source "Chess Informant"]
[SourceDate "2003.02.01"]

1. d4 d6 2. c4 g6 3. e4 e5 4. Nf3 Nc6 5. Be2 exd4 6. Nxd4 Bg7 7. Be3 Nge7 8. Nc3 O-O 9. h4 f5 10. h5 f4 11. Nxc6 bxc6 12. Bd4 Bxd4 13. Qxd4 c5 14. Qd2 g5 15. Nd5 Nc6 16. Nxf4 gxf4 17. Qd5+ Kh8 18. Qxc6 Rb8 19. O-O-O Bb7 20. Qa4 Bxe4 21. f3 Rxb2 22. Kxb2 Qf6+ 23. Ka3 Rb8 24. Qb3 Rb6 25. Qxb6 axb6 26. Kb3 Bf5 27. Bd3 Be6 28. a4 c6 29. Be4 b5 30. axb5 cxb5 31. Bd5 Bxd5 32. Rxd5 b4 33. Rd3 Kg7 34. Rhd1 Kf7 35. Rxd6 Qc3+ 36. Ka4 Qxc4 37. Ka5 b3 38. Rb6 b2 39. Rd7+ Ke8 40. Rdb7 Qa2+ 0-1

[Event "24th Open"]
[Site "Bethune"]
[Date "2003.12.29"]
[Round "6"]
[White "Bunzmann, Dimitrij"]
[Black "Degraeve, Jean Marc"]
[Result "1/2-1/2"]
[WhiteElo "2542"]
[BlackElo "2562"]
[PlyCount "59"]
[EventDate "2003.12.26"]
[Source "Roberto Alvarez"]
[SourceDate "2004.01.26"]

1. d4 d6 2. c4 e5 3. Nf3 e4 4. Nfd2 f5 5. e3 c5 6. Nb3 Nc6 7. Nc3 Nf6 8. f3 g6 9. Be2 b6 10. O-O Bg7 11. fxe4 fxe4 12. dxc5 dxc5 13. Qxd8+ Nxd8 14. Bd2 O-O 15. Nb5 Nf7 16. Bc3 Nh6 17. Rf4 Nf5 18. Raf1 h5 19. Nd2 Bd7 20. Nxe4 Nxe4 21. Bxg7 Kxg7 22. Rxe4 Rae8 23. Bd3 Rxe4 24. Bxe4 Nxe3 25. Rxf8 Kxf8 26. b3 Bxb5 27. cxb5 Kg7 28. h4 Kf6 29. Kf2 Nf5 30. Bxf5 1/2-1/2

[Event "Manila (ol)"]
[Site "?"]
[Date "1992.??.??"]
[Round "?"]
[White "Lputian, S."]
[Black "Mokry, K."]
[Result "1-0"]
[WhiteElo "2560"]
[BlackElo "2535"]
[PlyCount "81"]
[EventDate "1992.??.??"]
[Source "ChessBase"]
[SourceDate "1992.06.01"]

1. d4 d6 2. c4 e5 3. Nf3 e4 4. Ng1 f5 5. Nc3 Be7 6. Nh3 c6 7. g3 Na6 8. Bg2 Nc7 9. f3 exf3 10. exf3 Bf6 11. Nf4 g6 12. d5 Bxc3+ 13. bxc3 c5 14. O-O Nf6 15. Re1+ Kf7 16. Rb1 Re8 17. Ne6 Nxe6 18. dxe6+ Bxe6 19. Rxb7+ Re7 20. Qb3 Bd7 21. Rxe7+ Qxe7 22. Qd1 a5 23. Bf4 Re8 24. Bf1 Qe1 25. Qxe1 Rxe1 26. Bxd6 Ke6 27. Bxc5 Ra1 28. a3 a4 29. Kf2 Ng8 30. Rb6+ Kf7 31. Bd3 Ra2+ 32. Ke3 Rxh2 33. Bb4 Nf6 34. Kd4 Ng8 35. Rb7 Ke8 36. Rb8+ Kf7 37. Rf8+ Kg7 38. Rd8 Bc6 39. Bf8+ Kf7 40. c5 Rd2 41. Ke3 1-0

[Event "Moscow"]
[Site "Moscow"]
[Date "1982.??.??"]
[Round "?"]
[White "Meduna, Eduard"]
[Black "Tal, Mihail"]
[Result "1/2-1/2"]
[WhiteElo "2490"]
[BlackElo "2605"]
[PlyCount "86"]
[EventDate "1982.05.??"]
[Source "ChessBase"]

1. d4 d6 2. c4 e5 3. dxe5 dxe5 4. Qxd8+ Kxd8 5. Nf3 f6 6. Nc3 Be6 7. e3 Na6 8. Be2 c6 9. O-O Nh6 10. Bd2 Kc7 11. Rfd1 Rd8 12. Rac1 Nf7 13. Na4 Nc5 14. Nxc5 Bxc5 15. Bc3 Be7 16. b3 Ba3 17. Rxd8 Rxd8 18. Rd1 Bf5 19. Ne1 Rxd1 20. Bxd1 Bb1 21. Nc2 Bc1 22. a4 Ng5 23. Bb4 Ne4 24. f3 c5 25. Ba5+ b6 26. fxe4 bxa5 27. Kf2 g6 28. g4 Bd2 29. Kf3 Bb4 30. Ke2 Kd6 31. Kf2 Ke6 32. Kf3 a6 33. Kf2 f5 34. gxf5+ gxf5 35. Kf3 Bd2 36. exf5+ Kxf5 37. e4+ Kg5 38. Na3 Bd3 39. Be2 Bxe2+ 40. Kxe2 Bf4 41. Kf3 Bd2 42. h3 Kh4 43. Kg2 Kg5 1/2-1/2

[Event "It Open"]
[Site "Biel SUI"]
[Date "1994.??.??"]
[Round "?"]
[White "Alterman, Boris"]
[Black "Tischbierek, Raj"]
[Result "1-0"]
[WhiteElo "2595"]
[BlackElo "2490"]
[PlyCount "105"]
[EventDate "1994.??.??"]
[Source "www.chesslib.no"]
[SourceDate "2004.05.04"]

1. d4 d6 2. c4 e5 3. Nf3 e4 4. Ng5 f5 5. Nh3 Be7 6. Nc3 c6 7. f3 Nf6 8. Bg5 O-O 9. Qc2 Na6 10. a3 Nc7 11. Bd2 d5 12. e3 Kh8 13. c5 b6 14. b4 Ne6 15. f4 Ng4 16. Be2 bxc5 17. bxc5 Bxc5 18. dxc5 d4 19. Bxg4 fxg4 20. Nf2 dxc3 21. Bxc3 Ba6 22. Rd1 Qe8 23. Be5 Qf7 24. Bd6 Rfe8 25. Nxg4 Qf5 26. Ne5 Rac8 27. g4 Qf6 28. h4 Bd3 29. Qb2 Bb5 30. h5 Kg8 31. Qb3 Kh8 32. a4 Ba6 33. Qb4 Nc7 34. Qxe4 Qe6 35. Kf2 Nd5 36. Qf5 Nc3 37. Qxe6 Nxd1+ 38. Rxd1 Rxe6 39. f5 Ree8 40. e4 Kg8 41. Ke3 Red8 42. Rg1 h6 43. Rc1 Kh7 44. Rg1 Kg8 45. g5 hxg5 46. Rxg5 Kh7 47. Rg6 Re8 48. Nf3 Bc4 49. Ng5+ Kh8 50. h6 gxh6 51. Rxh6+ Kg8 52. Rg6+ Kh8 53. Kd4 1-0

[Event "Beersheba"]
[Site "Beer Sheba ISR"]
[Date "1993.??.??"]
[Round "1"]
[White "Mikhalevski, Alexander"]
[Black "Gulko, Boris F"]
[Result "1/2-1/2"]
[WhiteElo "2440"]
[BlackElo "2635"]
[PlyCount "66"]
[EventDate "1993.10.??"]
[Source "www.chesslib.no"]
[SourceDate "2004.05.04"]

1. d4 d6 2. c4 e5 3. d5 g6 4. e4 Bg7 5. Nc3 Na6 6. Bd3 Nc5 7. Bc2 a5 8. h3 Nf6 9. Bg5 O-O 10. Nge2 c6 11. a3 cxd5 12. cxd5 a4 13. Bxf6 Qxf6 14. Nxa4 Nxa4 15. Bxa4 Bh6 16. Bb5 Qg5 17. Ng3 f5 18. exf5 gxf5 19. O-O e4 20. Kh2 Bg7 21. Qb3 Be5 22. Kh1 Qh4 23. Rfe1 Kh8 24. Rac1 e3 25. f4 Bxf4 26. Rxe3 Bxe3 27. Qxe3 Qf6 28. Nh5 Qxb2 29. Rc3 Qb1+ 30. Rc1 Qe4 31. Qh6 Rf7 32. Rc7 Qe1+ 33. Kh2 Qe5+ 1/2-1/2

[Event "NED-chT playoff"]
[Site "Breda"]
[Date "1999.05.13"]
[Round "1"]
[White "Ree, Hans"]
[Black "Rogers, Ian"]
[Result "0-1"]
[WhiteElo "2436"]
[BlackElo "2618"]
[PlyCount "68"]
[EventDate "1999.05.??"]
[Source "ChessBase"]
[SourceDate "1999.07.10"]

1. d4 d6 2. c4 e5 3. Nf3 exd4 4. Nxd4 g6 5. g3 Bg7 6. Bg2 Ne7 7. Nc3 O-O 8. h4 Nbc6 9. Nxc6 bxc6 10. h5 Be6 11. Qa4 Rb8 12. c5 dxc5 13. hxg6 fxg6 14. Qh4 h5 15. O-O Nd5 16. Qxd8 Rfxd8 17. Na4 c4 18. Bg5 Re8 19. Rad1 Bxb2 20. e4 Nc3 21. Nxc3 Bxc3 22. f4 c5 23. f5 gxf5 24. Be3 Bb2 25. exf5 Bf7 26. Kf2 Re5 27. Bf4 Rxf5 28. Be4 Bd4+ 29. Ke2 Rf6 30. Rb1 Re8 31. Kf3 c3 32. Rb7 Rfe6 33. Bc2 Rb6 34. Rxc7 Bd5+ 0-1

[Event "Capablanca Memorial"]
[Site "Matanzas City CUB"]
[Date "1995.??.??"]
[Round "10"]
[White "Arencibia, Juan Joel"]
[Black "Miles, Anthony J"]
[Result "1/2-1/2"]
[WhiteElo "2435"]
[BlackElo "2615"]
[PlyCount "117"]
[EventDate "1995.05.??"]
[Source "www.chesslib.no"]
[SourceDate "2004.05.04"]

1. d4 d6 2. c4 e5 3. Nf3 e4 4. Ng5 f5 5. Nh3 Nf6 6. Nc3 c6 7. g3 Na6 8. Bg2 Be7 9. O-O O-O 10. f3 Nc7 11. Qb3 Ne6 12. Be3 Kh8 13. Rad1 d5 14. cxd5 cxd5 15. Rc1 b6 16. Ng5 Nc7 17. Bf4 Nfe8 18. Nh3 Bb7 19. Be5 Bd6 20. f4 Ne6 21. Bxd6 Nxd6 22. e3 Nc4 23. Rfe1 Rc8 24. Nb1 Qd7 25. Bf1 Ba6 26. Qb4 Qb7 27. b3 Nb2 28. Bxa6 Qxa6 29. Nf2 Nd3 30. Nxd3 Qxd3 31. Qd2 Qa6 32. a4 g5 33. Kf2 gxf4 34. gxf4 Qb7 35. Qb4 Qd7 36. Nc3 Qd8 37. Ke2 Qh4 38. Qd6 Qxh2+ 39. Kd1 Ng7 40. Re2 Qh5 41. Qxd5 Rfd8 42. Qb5 Rc5 43. Qb4 Ne6 44. Na2 Rcd5 45. Rc4 Nc5 46. Nc1 Rg8 47. Kc2 Nd7 48. Qe7 Re8 49. Qg5 Qf7 50. Na2 Rd6 51. Kb2 Rg8 52. Qh4 Nf6 53. Nc3 a6 54. Rc2 Ng4 55. Nd1 Rh6 56. Qe1 Qd5 57. Rc8 Rhg6 58. Rxg8+ Qxg8 59. Qb4 1/2-1/2

[Event "Buenos Aires ol (Men)"]
[Site "Buenos Aires"]
[Date "1978.??.??"]
[Round "?"]
[White "Ivkov, Borislav"]
[Black "Pfleger, Helmut"]
[Result "1/2-1/2"]
[WhiteElo "2515"]
[BlackElo "2530"]
[PlyCount "81"]
[EventDate "1978.10.??"]
[Source "www.chesslib.no"]
[SourceDate "2004.05.04"]

1. d4 d6 2. c4 e5 3. Nf3 exd4 4. Nxd4 g6 5. Nc3 Bg7 6. g3 Ne7 7. Bg2 O-O 8. Bg5 h6 9. Be3 Nbc6 10. Nxc6 bxc6 11. Bd4 f6 12. Qd2 Be6 13. b3 Qd7 14. e4 Kh7 15. Rd1 a5 16. Na4 Bh3 17. O-O Bxg2 18. Kxg2 c5 19. Bxc5 Qc6 20. Bd4 Qxe4+ 21. f3 Qc6 22. Rfe1 Rfe8 23. Bf2 f5 24. Bd4 Ng8 25. Bxg7 Kxg7 26. Rxe8 Rxe8 27. Re1 Qa8 28. Nc3 Rxe1 29. Qxe1 c6 30. Ne2 a4 31. Nd4 axb3 32. axb3 Qa2+ 33. Qf2 Qxf2+ 34. Kxf2 Ne7 35. b4 Kf6 36. Ke3 Kf7 37. h4 Kf6 38. Kd3 c5 39. bxc5 dxc5 40. Nb5 Nc6 41. f4 1/2-1/2

[Event "EUCup Gr2"]
[Site "Strasbourg"]
[Date "1994.??.??"]
[Round "?"]
[White "Kallai, Gabor"]
[Black "Mokry, Karel"]
[Result "1/2-1/2"]
[WhiteElo "2510"]
[BlackElo "2530"]
[PlyCount "46"]
[EventDate "1994.??.??"]
[Source "ChessBase"]

1. d4 d6 2. c4 e5 3. Nf3 e4 4. Nfd2 f5 5. e3 c5 6. Nb3 Nf6 7. Nc3 Be7 8. Be2 O-O 9. O-O b6 10. f3 Bb7 11. d5 exf3 12. gxf3 Nbd7 13. a4 f4 14. exf4 Nh5 15. f5 Rxf5 16. f4 Qe8 17. Bg4 Qg6 18. Kh1 Ndf6 19. Bxf5 Qxf5 20. a5 Ng3+ 21. hxg3 Qh3+ 22. Kg1 Qxg3+ 23. Kh1 Qh3+ 1/2-1/2

[Event "open"]
[Site "Kavala"]
[Date "2004.08.03"]
[Round "5"]
[White "Jeremic, Veljko"]
[Black "Timoshenko, Georgy"]
[Result "1/2-1/2"]
[WhiteElo "2503"]
[BlackElo "2536"]
[PlyCount "36"]
[EventDate "2004.07.31"]
[Source "Roberto Alvarez"]
[SourceDate "2004.08.17"]

1. d4 d6 2. c4 e5 3. e3 g6 4. b3 Bg7 5. Bb2 Nc6 6. Nc3 exd4 7. Nb5 Nf6 8. Nxd4 O-O 9. Ngf3 Nxd4 10. Qxd4 a5 11. a3 c5 12. Qc3 Qb6 13. Bd3 Ne8 14. Qc2 a4 15. Nd2 axb3 16. Nxb3 Bxb2 17. Qxb2 Be6 18. O-O d5 1/2-1/2

[Event "Open Mediterranean 2013"]
[Site "Fiume CRO"]
[Date "2007.11.29"]
[Round "6.6"]
[White "Sebenik, Matej"]
[Black "Jovanovic, Zoran"]
[Result "0-1"]
[WhiteElo "2484"]
[BlackElo "2549"]
[PlyCount "98"]
[EventDate "2007.11.25"]
[Source "www.chesslib.no"]
[SourceDate "2004.05.04"]

1. d4 d6 2. c4 e5 3. d5 a5 4. e4 Be7 5. Bd3 Bg5 6. Nd2 Nd7 7. Ngf3 Bh6 8. b3 Ne7 9. Bb2 O-O 10. Bc2 Nc5 11. O-O f5 12. exf5 Bxf5 13. Bxf5 Nxf5 14. Qc2 Nh4 15. Nxh4 Qxh4 16. Rae1 Bxd2 17. Qxd2 Rf5 18. f3 Raf8 19. Ba3 b6 20. Re3 Nd7 21. Bb2 Nf6 22. g3 Qh3 23. Qg2 Qh6 24. Rfe1 Nd7 25. a3 R5f7 26. b4 axb4 27. axb4 Qh5 28. Rf1 Qg6 29. Rfe1 Nf6 30. Qd2 h6 31. Qd3 Qh5 32. Qe2 Qf5 33. Rf1 Qg6 34. Qd3 Qh5 35. Qe2 Qh3 36. Qg2 Qd7 37. Qe2 Nh7 38. f4 Ng5 39. Re1 exf4 40. gxf4 Nh3+ 41. Kh1 Nxf4 42. Qc2 Qf5 43. Qxf5 Rxf5 44. Re7 R8f7 45. Bd4 b5 46. cxb5 Nxd5 47. Rxf7 Kxf7 48. Re4 Rf1+ 49. Kg2 Rb1 0-1

[Event "TCh-BIH Prem"]
[Site "?"]
[Date "2005.06.07"]
[Round "4"]
[White "Atalik Suat"]
[Black "Cabrilo Goran"]
[Result "1-0"]
[WhiteElo "2561"]
[BlackElo "2469"]
[PlyCount "83"]
[EventDate "2005.??.??"]
[Source "www.chesslib.no"]
[SourceDate "2004.05.04"]

1. d4 d6 2. c4 e5 3. Nf3 e4 4. Ng1 f5 5. Nc3 Nf6 6. Bg5 Be7 7. e3 c6 8. Nh3 Na6 9. Be2 Nc7 10. Bh5+ g6 11. Be2 Ne6 12. Bh6 Ng8 13. Bf4 Nxf4 14. Nxf4 Nf6 15. h4 Bd7 16. Kf1 Bf8 17. g3 Bh6 18. Qb3 Qc7 19. d5 O-O 20. Rd1 Bxf4 21. gxf4 c5 22. h5 Kf7 23. Ke1 a6 24. a4 Rab8 25. Kd2 Rg8 26. Rdg1 Qa5 27. Kc2 Ke7 28. hxg6 hxg6 29. Rh6 Be8 30. Kb1 Bf7 31. Rgh1 Kf8 32. Qd1 Qb4 33. Qg1 b5 34. cxb5 axb5 35. Bxb5 Qb3 36. Qg5 Nxd5 37. Nxd5 Qxd5 38. Rh8 Qe6 39. R1h7 Qd5 40. Kc1 Qe6 41. Qh6+ Ke7 42. Rxf7+ 1-0

[Event "Borgarnes"]
[Site "Borgarnes"]
[Date "1985.??.??"]
[Round "4"]
[White "Petursson, Margeir"]
[Black "Mokry, Karel"]
[Result "1/2-1/2"]
[WhiteElo "2535"]
[BlackElo "2490"]
[PlyCount "98"]
[EventDate "1985.05.??"]
[Source "ChessBase"]

1. d4 d6 2. c4 e5 3. dxe5 dxe5 4. Qxd8+ Kxd8 5. Nc3 Be6 6. b3 Nd7 7. g3 h5 8. Bg2 c6 9. Nf3 f6 10. O-O Ne7 11. Rd1 Kc7 12. Bb2 Rd8 13. Rd2 Nc8 14. Rad1 Bb4 15. Ne1 Be7 16. Ne4 Nc5 17. Nxc5 Bxc5 18. Nd3 Be7 19. f4 exf4 20. Nxf4 Bf7 21. Bh3 Rxd2 22. Rxd2 Rd8 23. Rxd8 Kxd8 24. Ne6+ Bxe6 25. Bxe6 Bc5+ 26. Kg2 Nd6 27. Bg8 Ke7 28. Bh7 Kf7 29. Bd3 Nc8 30. Bc3 b6 31. b4 Bd6 32. Bf5 Ne7 33. Bd7 c5 34. b5 Ng6 35. Bc6 Be5 36. Bd2 Nf8 37. Kf3 Ke7 38. Ke4 Kd6 39. Be8 g6 40. Bh6 f5+ 41. Kf3 Ke7 42. Bxf8+ Kxe8 43. Bh6 Kf7 44. Bf4 Kf6 45. h4 Bxf4 46. Kxf4 Ke6 47. Kg5 Kf7 48. Kh6 Kf6 49. Kh7 Kf7 1/2-1/2

[Event "ADCF Masters"]
[Site "Abu Dhabi"]
[Date "2003.08.22"]
[Round "6"]
[White "El Gindy, Essam"]
[Black "Rahman, Ziaur"]
[Result "0-1"]
[WhiteElo "2498"]
[BlackElo "2521"]
[PlyCount "142"]
[EventDate "2003.08.16"]
[Source "Roberto Alvarez"]
[SourceDate "2003.09.01"]

1. d4 d6 2. c4 e5 3. Nf3 Nc6 4. Nc3 Bg4 5. d5 Nce7 6. Qb3 b6 7. h3 Bd7 8. e4 g6 9. Bd3 Bg7 10. g4 Nf6 11. Bg5 a6 12. Qc2 Qb8 13. Be3 O-O 14. Qd2 b5 15. Nh4 c6 16. b3 b4 17. Ne2 cxd5 18. cxd5 Nfxd5 19. Bg5 Nf6 20. Rg1 d5 21. f3 Bb5 22. Nf5 Nxf5 23. gxf5 Rd8 24. Bxb5 Qxb5 25. O-O-O Rdc8+ 26. Kb2 dxe4 27. Bxf6 Bxf6 28. fxg6 hxg6 29. fxe4 a5 30. Qd3 Qxd3 31. Rxd3 Rd8 32. Rgd1 Kg7 33. Ng1 Rxd3 34. Rxd3 Rh8 35. Rg3 Bh4 36. Rg2 Be7 37. Kc2 Rc8+ 38. Kd1 Rc3 39. Ne2 Rd3+ 40. Kc2 Rxh3 41. Ng3 Kf8 42. Nf1 Rc3+ 43. Kd1 Kg7 44. Nd2 Rd3 45. Ke2 Rc3 46. Nc4 a4 47. Nxe5 axb3 48. axb3 Rxb3 49. Nd3 Ra3 50. Rg1 Ra6 51. Rb1 Rb6 52. Nf4 b3 53. Nd5 Rb7 54. Ne3 Bf6 55. Nc4 Rc7 56. Nd6 Rc2+ 57. Kd3 Rc3+ 58. Kd2 Be5 59. Nb5 Rh3 60. Na3 Bf4+ 61. Ke2 g5 62. Nc4 g4 63. Rg1 Rg3 64. Rf1 Bg5 65. Rf5 Bc1 66. Rb5 Rc3 67. Nd6 b2 68. Rb6 g3 69. Nf5+ Kh7 70. Kf1 Rc2 71. Rb3 Bf4 0-1

[Event "Andorra la Vella op 20th"]
[Site "Andorra la Vella"]
[Date "2002.07.11"]
[Round "6"]
[White "Jeremic, Veljko"]
[Black "Nevednichy, Vladislav"]
[Result "1/2-1/2"]
[WhiteElo "2482"]
[BlackElo "2537"]
[PlyCount "95"]
[EventDate "2002.07.06"]
[Source "ChessBase"]
[SourceDate "2002.09.11"]

1. d4 d6 2. c4 e5 3. e3 Nd7 4. Nc3 g6 5. Nf3 Bg7 6. Be2 Ngf6 7. b3 O-O 8. Bb2 Re8 9. Qc2 c6 10. h3 Nf8 11. dxe5 dxe5 12. O-O e4 13. Nd2 Qe7 14. Rfd1 h5 15. Bf1 N8h7 16. Ne2 h4 17. c5 Nd5 18. Bxg7 Kxg7 19. Qb2+ Nhf6 20. b4 g5 21. Nc4 g4 22. Nf4 Nxf4 23. exf4 gxh3 24. gxh3 Rg8 25. Qe5 Kf8+ 26. Kh2 Be6 27. Rd4 Bd5 28. Ne3 Re8 29. Qxe7+ Kxe7 30. Bc4 Bxc4 31. Nxc4 Kf8 32. Nd6 Re7 33. Re1 Rh8 34. Nxe4 Nd5 35. Red1 Nxf4 36. Rd8+ Kg7 37. Rg1+ Ng6 38. Rxh8 Kxh8 39. Nd6 Kg8 40. Rg4 b6 41. Nf5 Re2 42. Nxh4 Kh7 43. Nxg6 fxg6 44. cxb6 axb6 45. Rc4 c5 46. bxc5 bxc5 47. Kg3 Rxa2 48. Rxc5 1/2-1/2

[Event "Voronezh RUS"]
[Site "?"]
[Date "2006.06.14"]
[Round "3"]
[White "Sergienko Sergey"]
[Black "Brodsky Michail"]
[Result "1/2-1/2"]
[WhiteElo "2456"]
[BlackElo "2561"]
[PlyCount "107"]
[EventDate "2006.??.??"]
[Source "www.chesslib.no"]
[SourceDate "2004.05.04"]

1. d4 d6 2. c4 e5 3. Nf3 e4 4. Ng5 f5 5. g3 h6 6. Nh3 g5 7. Bg2 Bg7 8. f3 Nf6 9. Nc3 exf3 10. exf3 Qe7+ 11. Kf2 O-O 12. Re1 Qf7 13. d5 f4 14. Kg1 fxg3 15. hxg3 Nbd7 16. f4 gxf4 17. Bxf4 Nh5 18. Rf1 Ndf6 19. Qd3 Bg4 20. Rae1 Qd7 21. Nf2 Bf5 22. Qf3 Nxf4 23. gxf4 Ng4 24. Nxg4 Bxg4 25. Qg3 Rae8 26. Kh2 a6 27. Rxe8 Rxe8 28. Ne4 Qf5 29. Qh4 h5 30. Ng3 Qf6 31. Qxf6 Bxf6 32. Ne4 Kg7 33. b3 h4 34. Nf2 Bf5 35. Bf3 Bd7 36. Ng4 a5 37. Rd1 Bc3 38. Kg2 Bxg4 39. Bxg4 Re3 40. Be6 Rg3+ 41. Kf2 Bb4 42. Rh1 Bc5+ 43. Ke2 Rg2+ 44. Kd3 Rxa2 45. Rxh4 a4 46. bxa4 Ra3+ 47. Ke4 Rxa4 48. Kf5 Rxc4 49. Rg4+ Kf8 50. Rg8+ Ke7 51. Rg7+ Kd8 52. Rd7+ Ke8 53. Rxc7 b5 54. Rc8+ 1/2-1/2

[Event "BBC TV Master Game"]
[Site "?"]
[Date "1977.??.??"]
[Round "?"]
[White "Hartston, William R"]
[Black "Pfleger, Helmut"]
[Result "1/2-1/2"]
[WhiteElo "2475"]
[BlackElo "2540"]
[PlyCount "45"]
[EventDate "1977.??.??"]
[Source "www.chesslib.no"]
[SourceDate "2004.05.04"]

1. d4 d6 2. c4 e5 3. Nf3 exd4 4. Nxd4 g6 5. Nc3 Bg7 6. g3 Ne7 7. Bg2 O-O 8. O-O Nbc6 9. Nxc6 bxc6 10. Bd2 Rb8 11. b3 Bd7 12. Rc1 Nf5 13. Ne4 Qe7 14. Bc3 Bxc3 15. Rxc3 f6 16. Rd3 Ng7 17. Qd2 f5 18. Ng5 Rbe8 19. Re1 Qf6 20. f4 h6 21. Nh3 Ne6 22. Nf2 c5 23. Nd1 1/2-1/2

[Event "XI Open"]
[Site "Malaga ESP"]
[Date "2008.02.26"]
[Round "5"]
[White "Jedynak, R."]
[Black "Karlsson, L."]
[Result "1/2-1/2"]
[WhiteElo "2525"]
[BlackElo "2488"]
[PlyCount "47"]
[EventDate "2008.02.23"]
[Source "www.chesslib.no"]
[SourceDate "2004.05.04"]

1. d4 d6 2. c4 g6 3. Nc3 Bg7 4. Nf3 Bg4 5. e3 Nc6 6. Be2 Nf6 7. Qb3 Qc8 8. h3 Bxf3 9. Bxf3 O-O 10. Bd2 Nd7 11. Ne2 e5 12. Bc3 Re8 13. Bxc6 bxc6 14. Qc2 Qa6 15. b3 d5 16. cxd5 cxd5 17. dxe5 Nxe5 18. Rd1 Rad8 19. O-O c5 20. Nf4 d4 21. exd4 cxd4 22. Bxd4 Nf3+ 23. gxf3 Bxd4 24. Rfe1 1/2-1/2

[Event "XIII Torneo Magistral de Elgoibar"]
[Site "Elgoibar"]
[Date "2003.12.05"]
[Round "3.4"]
[White "Cifuentes Parada, Roberto"]
[Black "Paunovic, Dragan"]
[Result "1-0"]
[WhiteElo "2501"]
[BlackElo "2504"]
[PlyCount "66"]
[EventDate "2003.11.03"]
[Source "Roberto Alvarez"]
[SourceDate "2003.12.15"]

1. d4 d6 2. c4 e5 3. Nf3 e4 4. Ng5 Qe7 5. Nc3 Nf6 6. h4 h6 7. Nh3 g6 8. Nf4 c6 9. e3 Bg7 10. b3 O-O 11. Bb2 Na6 12. Qd2 Nc7 13. d5 c5 14. Be2 a6 15. a4 Bd7 16. a5 Rab8 17. Na4 Bxa4 18. Rxa4 b5 19. axb6 Rxb6 20. Bd1 Nd7 21. Bxg7 Kxg7 22. Qc3+ Ne5 23. Bc2 f5 24. f3 Qf6 25. Ke2 Nd7 26. Kd2 Qxc3+ 27. Kxc3 Nf6 28. fxe4 fxe4 29. Raa1 Rbb8 30. Rh3 Kh7 31. g4 Nxg4 32. Bxe4 Kg7 33. Rg3 h5 1-0

[Event "Ciocaltea mem"]
[Site "Bucharest"]
[Date "1998.??.??"]
[Round "7"]
[White "Florean, Andrei"]
[Black "Nevednichy, Vladislav"]
[Result "1/2-1/2"]
[WhiteElo "2455"]
[BlackElo "2550"]
[PlyCount "44"]
[EventDate "1998.02.??"]
[Source "ChessBase"]
[SourceDate "1998.06.15"]

1. d4 d6 2. c4 e5 3. dxe5 dxe5 4. Qxd8+ Kxd8 5. Nc3 Be6 6. b3 a5 7. Bb2 f6 8. g3 c6 9. Bh3 Bxh3 10. Nxh3 Nd7 11. O-O-O Kc7 12. Rd2 Nh6 13. Rhd1 Rd8 14. Ne4 Bb4 15. Bc3 Bxc3 16. Nxc3 Nc5 17. Rxd8 Rxd8 18. Rxd8 Kxd8 19. f3 Nf5 20. Kd2 g5 21. Nf2 Nd6 22. g4 Ke7 1/2-1/2